Catalog

Record Details

Catalog Search



Available copies

  • 2 of 2 copies available at LARL/NWRL Consortium.
  • 2 of 2 copies available at Lake Agassiz Regional Library. (Show preferred library)

Current holds

0 current holds with 2 total copies.

Show Only Available Copies
Location Call Number / Copy Notes Barcode Shelving Location Status Due Date
Breckenridge Public Library J 973.7112 SMI (Text) 33500013575162 Main Available -
Fosston Public Library J 973.7112 SMI (Text) 33500013575154 Main Available -

Record details

  • ISBN: 9781728439082
  • ISBN: 1728439086
  • ISBN: 9781728448220
  • ISBN: 1728448220
  • Physical Description: 32 pages : color illustrations ; 24 cm.
  • Publisher: Minneapolis : Lerner Publications, [2022]

Content descriptions

Bibliography, etc. Note:
Includes bibliographical references and index.
Formatted Contents Note:
Rebellion brewing -- The beginning -- Life during ... Read More
Summary, etc.:
"The Civil War began after eleven southern states ... Read More
Target Audience Note:
Ages: 9-14 Lerner Publications.
Grades: 4-6 Lerner Publications.
Subject: Slavery > United States > History > 19th century > Juvenile literature.
Antislavery movements > United States > History > 19th century > Juvenile literature.
United States > History > Civil War, 1861-1865 > Causes > Juvenile literature.
Esclavage > États-Unis > Histoire > 19e siècle > Ouvrages pour la jeunesse.
Mouvements antiesclavagistes > États-Unis > Histoire > 19e siècle > Ouvrages pour la jeunesse.
Antislavery movements.
Slavery.
War > Causes.
United States.
Slavery > United States > History > 19th century.
United States > History > Civil War, 1861-1865 > Causes.
Genre: History.
Juvenile works.
Instructional and educational works.
Matériel d'éducation et de formation.
LDR 03285cam a2200673 i 4500
001389041
003LARL_NWRL_CONSORTIUM
00520220406154038.0
008210501s2022 mnua j b 001 0 eng
010 . ‡a 2021013231
040 . ‡aLBSOR/DLC ‡beng ‡erda ‡cDLC ‡dOCLCO ‡dOCLCF ‡dBDX ‡dYDX ‡dDLC ‡dOCLCO ‡dZHI ‡dIUL ‡dOCLCO
020 . ‡a9781728439082 ‡q(library binding)
020 . ‡a1728439086
020 . ‡a9781728448220 ‡q(paperback)
020 . ‡a1728448220
020 . ‡z9781728448220 ‡q(ebook)
020 . ‡z9781728444321 ‡q(ebook)
035 . ‡a(OCoLC)1250432022
042 . ‡apcc
043 . ‡an-us---
08200. ‡a973.7/112 ‡223
1001 . ‡aSmith, Elliott, ‡d1976- ‡eauthor.
24510. ‡aSlavery and the Civil War : ‡brooted in racism / ‡cElliott Smith.
264 1. ‡aMinneapolis : ‡bLerner Publications, ‡c[2022]
300 . ‡a32 pages : ‡bcolor illustrations ; ‡c24 cm.
336 . ‡atext ‡btxt ‡2rdacontent
337 . ‡aunmediated ‡bn ‡2rdamedia
338 . ‡avolume ‡bnc ‡2rdacarrier
4900 . ‡aAmerican slavery and the fight for freedom (Read Woke Books)
504 . ‡aIncludes bibliographical references and index.
5050 . ‡aRebellion brewing -- The beginning -- Life during the war -- Fight for freedom -- Emancipation -- Voices -- Take action.
520 . ‡a"The Civil War began after eleven southern states seceded in order to keep slavery. Discover how enslaved people experienced the war, from serving on the front lines to glimpsing and winning freedom"-- ‡cProvided by publisher.
521 . ‡aAges: 9-14 ‡bLerner Publications.
521 . ‡aGrades: 4-6 ‡bLerner Publications.
650 0. ‡aSlavery ‡zUnited States ‡xHistory ‡y19th century ‡vJuvenile literature.
650 0. ‡aAntislavery movements ‡zUnited States ‡xHistory ‡y19th century ‡vJuvenile literature. ‡0(LARL_NWRL_CONSORTIUM)163210
651 0. ‡aUnited States ‡xHistory ‡yCivil War, 1861-1865 ‡xCauses ‡vJuvenile literature.
650 6. ‡aEsclavage ‡zÉtats-Unis ‡xHistoire ‡y19e siècle ‡vOuvrages pour la jeunesse.
650 6. ‡aMouvements antiesclavagistes ‡zÉtats-Unis ‡xHistoire ‡y19e siècle ‡vOuvrages pour la jeunesse.
650 7. ‡aAntislavery movements. ‡2fast ‡0(LARL_NWRL_CONSORTIUM)31118
650 7. ‡aSlavery. ‡2fast ‡0(LARL_NWRL_CONSORTIUM)31117
650 7. ‡aWar ‡xCauses. ‡2fast ‡0(LARL_NWRL_CONSORTIUM)159866
651 7. ‡aUnited States. ‡2fast ‡0(LARL_NWRL_CONSORTIUM)54625
650 7. ‡aSlavery ‡zUnited States ‡xHistory ‡y19th century. ‡2sears ‡0(LARL_NWRL_CONSORTIUM)175083
651 7. ‡aUnited States ‡xHistory ‡yCivil War, 1861-1865 ‡xCauses. ‡2sears ‡0(LARL_NWRL_CONSORTIUM)33413
647 7. ‡aAmerican Civil War ‡c(United States : ‡d1861-1865) ‡2fast ‡0(OCoLC)fst01351658
648 7. ‡a1800-1899 ‡2fast
655 7. ‡aHistory. ‡2fast
655 7. ‡aJuvenile works. ‡2fast
655 7. ‡aInstructional and educational works. ‡2lcgft
655 7. ‡aMatériel d'éducation et de formation. ‡2rvmgf
77608. ‡iOnline version: ‡aSmith, Elliott, 1976- ‡tSlavery and the Civil War ‡dMinneapolis : Lerner Publications, [2022] ‡z9781728448220 ‡w(DLC) 2021013232
901 . ‡a389041 ‡b ‡c389041 ‡tbiblio

Additional Resources